Statistiques concernant Evénements de Nintendo

Cliquez ici pour prendre le quiz!

Statistiques générales

  • Ce quiz a été pris 9 fois
  • Le résultat moyen est 10 sur 29

Statistiques - réponses

HintRéponse% Correct
Sortie de la Nintendo Wii U2012
88%
Sortie de la Nintendo Wii au japon2006
75%
Sortie de la Nintendo Switch et de Arms2017
75%
Sortie de la Gamecube, de Luigi's Mansion, d'Animal Crossing, de Pikmin et de la Gameboy Advance au japon2001
63%
Sortie de la Nintendo DS au japon2004
63%
Sortie de Wii Fit2007
63%
Sortie de Donkey Kong sur borne d'arcades1981
50%
Sortie de Super Mario Bros sur Famicom au Japon1985
50%
Sortie de la Nintendo 64 et de Pokémon Rouge et Vert sur Gameboy au Japon1996
50%
Sortie de la Nintendo 3DS au japon2011
50%
Décès de Satoru Iwata et Tatsumi Kimishima devient Président de Nintendo, Sortie de Splatoon2015
50%
Sortie de The Legend of Zelda, de Kid Icarus et de Metroid sur Famicom au Japon1986
38%
Sortie de la Gameboy et de Mother (Earthbound) au japon1989
38%
Sortie de Xenoblade Chronicles au Japon2010
38%
Nintendo embauche Shigeru Miyamoto1977
25%
Sortie de la Famicom1983
25%
Sortie de la Super Famicom, de Dr. Mario, de Fire Emblem et de F-Zero au Japon1990
25%
Sortie de Star Fox sur Super Famicom au Japon1993
25%
Sortie de Super Princess Peach au Japon2005
25%
Fusajiro Yamauchi devient Président de Nintendo1889
13%
Hiroshi Yamauchi devient Président de Nintendo1950
13%
Sortie de la Game & Watch1980
13%
Sortie de Ice Climbers, de Duck Hunt et de Punch-Out!! au Japon1984
13%
Sortie de Super Mario World 2: Yoshi's Island sur Super Famicom et de R.O.B. au Japon1995
13%
Sekiryo Kanada devient Président de Nintendo1929
0%
Sortie de Kirby's Dream Land sur Gameboy au Japon1992
0%
Sortie de Wario Land: Super Mario Land 3 au Japon1994
0%
Satoru Iwata devient Président de Nintendo2002
0%
Shuntaro Furukawa devient Président de Nintendo2018
0%

Distribution des résultats

Percentile par nombre de réponses

% des personnes avec chaque résultat

Votre développement - résultats

Vous n’avez pas pris ce quiz